000 00294nam a22001217a 4500
008 160523b xxu||||| |||| 00| 0 eng d
020 _a9780781752848
020 _a0781752841
041 _aeng
080 _a615
245 _aPharmacology for health professiols:
_cSally Roach;
942 _2udc
_cBK
999 _c2396
_d2396